An introduction to Lebesgue integration and Fourier series /
Guardado en:
| Autor Principal: | |
|---|---|
| Otros Autores: | |
| Formato: | Libro |
| Idioma: | English |
| Publicado: |
Huntington, N.Y. :
R. E. Krieger,
1978.
|
| Series: | Applied mathematics series
|
| Materias: | |
| Acceso en línea: | Table of contents |
| Etiquetas: |
Agregar Etiqueta
Sin Etiquetas, Sea el primero en etiquetar este registro!
|
| LEADER | 00898cam a2200253 a 4500 | ||
|---|---|---|---|
| 001 | MAT.inmabb004932 | ||
| 008 | 770809s1978####nyua#####b####001#0#eng## | ||
| 005 | 20130221155901.0 | ||
| 245 | 1 | 3 | |a An introduction to Lebesgue integration and Fourier series / |c by Howard Wilcox and David L. Myers. |
| 260 | |a Huntington, N.Y. : |b R. E. Krieger, |c 1978. | ||
| 300 | |a v, 159 p. : |b il. ; |c 23 cm. | ||
| 490 | 0 | |a Applied mathematics series | |
| 504 | |a Incluye referencias bibliográficas (p. 155) e índice. | ||
| 510 | 4 | |a MR, |c 80c:28001 | |
| 020 | |a 0882756141 | ||
| 100 | 1 | |a Wilcox, Howard J. | |
| 700 | 1 | |a Myers, David L. | |
| 650 | 0 | |a Lebesgue integral. | |
| 650 | 0 | |a Fourier series. | |
| 084 | |a 28-01 (42-01) |2 msc2000 | ||
| 010 | |a 77012013 | ||
| 040 | |a DLC |c DLC |d DLC | ||
| 856 | |3 Table of contents |u http://catdir.loc.gov/catdir/toc/dover031/94035540.html | ||
| 859 | |h 28 |i W667 |p A-6652 |b BIB. MATEMATICA | ||
